Представление документа в формате MARC21

Поле Инд. ПП Название Значение
Тип записи a
Библиографический уровень b
001 Контрольный номер RU/IS/BASE/253635026
005 Дата корректировки 20200630193127.8
008 Кодируемые данные 20080114
040 b Код языка каталог. rus
e Правила каталог. PSBO
041 0_ a Код языка текста rus
084 a Индекс другой классификации/Индекс ББК 60.51(7США)6-2; 60.561.5
100 1_ a Автор Медкова М. В.
q Полное имя Медкова Майя Викторовна
245 10 a Заглавие Фамилистическое направление американской социологии в трудах Роберта Нисбета
504 a Библиография Библиогр. ссылки
600 a Персоналии Нисбет Роберт
650 a Основная рубрика история социологии
a Основная рубрика социология
a Основная рубрика социология семьи
653 a Ключевые слова XX век
a Ключевые слова кризис семьи
a Ключевые слова семейно-брачные отношения
a Ключевые слова США
773 0_ t Заглавие источника Вестник Московского университета. Серия 18, Социология и политология
d Дата издания источника 2007
g Прочая информация № 3. - С. 143 - 157
w Контрольный № источника RU/IS/BASE/250005829
901 t Тип документа b